Ασκήσεις μαθηματικών

Saved in:
Bibliographic Details
Main Author: Παναγάκης, Κωνσταντίνος Γ.
Format: Book
Language:Greek
Published: Αθήναι : Μ. Πεχλιβανίδης & Σία Α.Ε., [19--]
Subjects:
Tags: Add Tag
No Tags, Be the first to tag this record!

MARC

LEADER 00000cam a2200000 a 4500
001 1/107767
008 150803q19uu####gr | ||| |||| ||gre||
040 |a GR-MyUa  |b gre  |c GR-MyUa  |e AACR2 
041 0 |a gre 
082 7 |a 512.7   |2 (23) 
100 1 |a Παναγάκης, Κωνσταντίνος Γ. 
245 1 0 |a Ασκήσεις μαθηματικών /   |c Κων. Γ. Παναγάκης. 
260 |a Αθήναι :   |b Μ. Πεχλιβανίδης & Σία Α.Ε.,   |c [19--]  
300 |a 123 σ. ;   |c 25 εκ.  
500 |a Διά τους μαθητάς της μέσης παιδείας και τους υποψηφίους των ανωτάτων σχολών. 
500 |a Στη σ. τ. υπάρχει σφραγίδα "Δωρεάν διά τους κ.κ. καθηγητάς των μαθηματικών". 
505 8 |a Περιέχονται αι λύσεις όλων των ασκήσεων του τεύχους 3 των στοιχείων μαθηματικών : "Πραγματικοί αριθμοί". 
505 8 |a τ.3. Πραγματικοί αριθμοί 
650 0 |a Number theory. 
740 0 |a Πραγματικοί αριθμοί 
852 |a INST  |b SAMOS  |c MAG  |e 20150803  |h 512.7 ΠΑΝ  |p 005300035366  |q 005300035366  |t BK  |v τομ.3:  |y 0 
853 |a INST  |b SAMOS  |c MAG  |h 512.7 ΠΑΝ 
970 |a Σιτζίμη  |b Γιασεμή  |z 03/08/2015